[Event "SRI-chB"]
[Site "Mount Lavinia"]
[Date "2022.03.19"]
[Round "8"]
[White "De Silva, Osheen"]
[Black "Alahakoon, Isuru"]
[Result "0-1"]
[WhiteElo "1769"]
[BlackElo "2022"]
[PlyCount "76"]
[EventDate "2022.03.16"]
[EventType "swiss"]
[EventRounds "10"]
[EventCountry "SRI"]
[SourceTitle "EXT 2023"]
[Source "ChessBase"]
[SourceDate "2022.10.05"]
[SourceVersion "1"]
[SourceVersionDate "2022.10.05"]
[SourceQuality "1"]

1. e4 c6 2. d4 d5 3. Nc3 dxe4 4. Nxe4 Nf6 5. Ng3 e5 6. N3e2 exd4 7. Qxd4 Nbd7 8. Be3 Bc5 9. Qc3 Qe7 10. Bxc5 Nxc5 11. 0-0-0 Nce4 12. Qe1 Ng4 13. Nh3 Nexf2 14. Nxf2 Qe3+ 15. Qd2 Qxd2+ 16. Rxd2 Nxf2 17. Rg1 0-0 18. Nc3 Ng4 19. g3 Ne5 20. Be2 Bf5 21. Rf1 Bg6 22. Rf4 Rfe8 23. Rfd4 f6 24. Na4 b6 25. c4 b5 26. Nc5 Bf7 27. cxb5 cxb5 28. b4 Bc4 29. Bxc4+ Nxc4 30. Rf2 Re1+ 31. Rd1 Re3 32. Rd3 Re5 33. Rd7 a5 34. Nd3 Re3 35. Rf5 axb4 36. Rxb5 Rc8 37. Rc5 Rxc5 38. Nxc5 Rc3+ 0-1

[Event "SRI-ch"]
[Site "Nugegoda"]
[Date "2021.12.29"]
[Round "11"]
[White "Liyanage, Ranindu Dilshan"]
[Black "De Silva, Osheen"]
[Result "1-0"]
[WhiteElo "2300"]
[BlackElo "1806"]
[PlyCount "91"]
[EventDate "2021.12.24"]
[EventType "tourn"]
[EventRounds "13"]
[EventCountry "SRI"]
[SourceTitle "CBM 205 Extra"]
[Source "ChessBase"]
[SourceDate "2022.01.31"]
[SourceVersion "1"]
[SourceVersionDate "2022.01.31"]
[SourceQuality "1"]

1. e4 c5 2. Nf3 d6 3. d4 cxd4 4. Nxd4 Nf6 5. Nc3 a6 6. Be3 e5 7. Nb3 Be6 8. h3 h5 9. f4 exf4 10. Bxf4 Nc6 11. Qf3 Ne5 12. Qe3 Qc7 13. 0-0-0 Rc8 14. Nd4 Nfd7 15. Be2 g6 16. g4 Bc4 17. gxh5 Bxe2 18. Qxe2 Rxh5 19. Kb1 Qc4 20. Qg2 Nb6 21. Nb3 Qe6 22. Be3 Nbc4 23. Bd4 Nc6 24. Nd5 Nxd4 25. Nxd4 Qe5 26. c3 Rg5 27. Qe2 Rg3 28. h4 Rc5 29. h5 gxh5 30. Rxh5 Rg5 31. Nf3 Rxh5 32. Nxe5 Rxe5 33. Qf2 Be7 34. b3 Na3+ 35. Kb2 Nb5 36. c4 Nc7 37. Rf1 f6 38. Nxf6+ Bxf6 39. Qxf6 Kd7 40. b4 Rc6 41. Qg7+ Re7 42. Rf7 Rxf7 43. Qxf7+ Kd8 44. a4 Ne8 45. Qxb7 Rxc4 46. Kb3 1-0

[Event "Delkanda Inter Club-chT"]
[Site "Delkanda"]
[Date "2021.02.28"]
[Round "6.4"]
[White "De Silva, Osheen"]
[Black "Amarasinghe, AACB"]
[Result "0-1"]
[WhiteElo "1760"]
[BlackElo "1940"]
[PlyCount "60"]
[EventDate "2021.02.26"]
[EventType "team-tourn"]
[EventRounds "9"]
[EventCountry "SRI"]
[SourceTitle "EXT 2022"]
[Source "ChessBase"]
[SourceDate "2021.10.06"]
[SourceVersion "1"]
[SourceVersionDate "2021.10.06"]
[SourceQuality "1"]
[WhiteTeam "Sri Lanka Navy CC"]
[BlackTeam "Jayewardenepura Univ"]
[WhiteTeamCountry "SRI"]
[BlackTeamCountry "SRI"]

1. e4 e6 2. d4 d5 3. Nc3 Bb4 4. e5 c5 5. a3 Bxc3+ 6. bxc3 Ne7 7. Qg4 Qc7 8. Qxg7 Rg8 9. Qxh7 cxd4 10. Ne2 Nbc6 11. f4 dxc3 12. h4 d4 13. h5 Bd7 14. h6 0-0-0 15. Qxf7 Rdf8 16. Qh5 Be8 17. Qh3 Nf5 18. g4 Bg6 19. gxf5 Bxf5 20. h7 Rh8 21. Qh6 Rf7 22. Ng3 Rfxh7 23. Nxf5 Rxh6 24. Rxh6 Rxh6 25. Nxh6 Qg7 26. f5 Qg3+ 27. Ke2 d3+ 28. cxd3 Nd4+ 29. Kd1 Qf3+ 30. Ke1 Nc2# 0-1

[Event "Nugegoda GP 6th"]
[Site "Nugegoda"]
[Date "2019.06.02"]
[Round "10"]
[White "De Silva, Osheen"]
[Black "Weerawardane, Romesh"]
[Result "0-1"]
[WhiteElo "1845"]
[BlackElo "2055"]
[PlyCount "58"]
[EventDate "2019.05.25"]
[EventType "tourn"]
[EventRounds "11"]
[EventCountry "SRI"]
[SourceTitle "CBM 190 Extra"]
[Source "ChessBase"]
[SourceDate "2019.07.15"]
[SourceVersion "1"]
[SourceVersionDate "2019.07.15"]
[SourceQuality "1"]

1. e4 c5 2. Nf3 d6 3. d4 cxd4 4. Nxd4 Nf6 5. Nc3 a6 6. Bg5 e6 7. f4 h6 8. Bh4 Qb6 9. Qd2 Qxb2 10. Rb1 Qa3 11. f5 Be7 12. fxe6 fxe6 13. Rb3 Qa5 14. Bg3 Nh5 15. Bf2 0-0 16. Bc4 Bg5 17. Qd1 Nf4 18. g3 Ng2+ 19. Ke2 Qc5 20. Qd3 Nc6 21. Na4 Qa5 22. Nxc6 Qxa4 23. Nd4 d5 24. exd5 b5 25. Bxb5 axb5 26. Rg1 exd5 27. Nf3 Bg4 28. Qxd5+ Kh8 29. Bb6 Rae8+ 0-1

[Event "Negombo op 3rd"]
[Site "Negambo"]
[Date "2017.08.21"]
[Round "4"]
[White "Pathirana, Hasitha Jayanth"]
[Black "De Silva, Osheen"]
[Result "0-1"]
[WhiteElo "1463"]
[BlackElo "1902"]
[PlyCount "97"]
[EventDate "2017.08.20"]
[EventType "swiss"]
[EventRounds "10"]
[EventCountry "SRI"]
[SourceTitle "CBM 180 Extra"]
[Source "ChessBase"]
[SourceDate "2017.10.06"]
[SourceVersion "1"]
[SourceVersionDate "2017.10.06"]
[SourceQuality "1"]

1. e4 c5 2. Nc3 Nc6 3. g3 g6 4. Bg2 Bg7 5. d3 e6 6. Be3 d6 7. Qd2 Nd4 8. Nd1 Ne7 9. c3 Ndc6 10. Bh6 Bxh6 11. Qxh6 Ng8 12. Qd2 Qc7 13. Ne3 b6 14. f4 Bb7 15. Nf3 Nge7 16. d4 0-0-0 17. d5 exd5 18. exd5 Nb8 19. 0-0 Nd7 20. Ng5 Rdf8 21. Ne4 h6 22. Nc4 Nf5 23. Na3 Ba6 24. Rfe1 Ng7 25. Bf1 Bxf1 26. Kxf1 Ne8 27. Qd3 Kb7 28. Nb5 Qb8 29. b4 f5 30. Nd2 h5 31. Re7 Nef6 32. bxc5 dxc5 33. Na3 Qd6 34. Rae1 Ne4 35. Re6 Nxd2+ 36. Qxd2 Qc7 37. Nc4 b5 38. Ne5 Nxe5 39. R1xe5 Rf7 40. Qg2 Rd7 41. d6+ Qc6 42. Rxc5 Qxg2+ 43. Kxg2 Rhd8 44. Re7 Kb6 45. Rce5 Rxd6 46. R5e6 Kc6 47. Kf3 Kb6 48. h3 Rxe6 49. Rxe6+ 0-1

[Event "SRI-chB"]
[Site "Colombo"]
[Date "2016.03.21"]
[Round "10"]
[White "De Silva, Osheen"]
[Black "Galappaththi, Chinthaka Anuruddh"]
[Result "0-1"]
[WhiteElo "1842"]
[BlackElo "2041"]
[PlyCount "94"]
[EventDate "2016.03.12"]
[EventType "swiss"]
[EventRounds "10"]
[EventCountry "SRI"]
[SourceTitle "CBM 171 Extra"]
[Source "ChessBase"]
[SourceDate "2016.04.26"]
[SourceVersion "1"]
[SourceVersionDate "2016.04.26"]
[SourceQuality "1"]

1. e4 d6 2. d4 g6 3. f4 Bg7 4. Nf3 Nf6 5. Nc3 0-0 6. e5 Ne8 7. Be3 Na6 8. Qd2 c6 9. 0-0-0 Nec7 10. Qf2 Nd5 11. Nxd5 cxd5 12. Bd2 Bf5 13. Bc3 Rc8 14. Bd3 e6 15. Bxf5 exf5 16. h3 b5 17. g4 Qd7 18. Rdg1 b4 19. Be1 Bh6 20. g5 Bg7 21. Kb1 Rc7 22. Qe2 Qc6 23. h4 Re8 24. Qd3 Rec8 25. Rg2 Rb7 26. h5 Nc7 27. hxg6 fxg6 28. exd6 Qxd6 29. Ne5 Ne6 30. Bd2 a5 31. Rf1 Qb6 32. Be3 a4 33. Rh2 b3 34. cxb3 axb3 35. Qxb3 Qxb3 36. axb3 Rxb3 37. Re2 Bxe5 38. dxe5 d4 39. Bc1 d3 40. Re3 Rcb8 41. Rff3 Nc5 42. Ka2 d2 43. Rxb3 dxc1N+ 44. Kb1 Rxb3 45. Rf2 N1d3 46. Rc2 Rxb2+ 47. Rxb2 Nxb2 0-1

[Event "SRI-chB"]
[Site "Colombo"]
[Date "2016.03.19"]
[Round "5"]
[White "Peiris, TSS"]
[Black "De Silva, Osheen"]
[Result "1/2-1/2"]
[WhiteElo "1985"]
[BlackElo "1842"]
[PlyCount "34"]
[EventDate "2016.03.12"]
[EventType "swiss"]
[EventRounds "10"]
[EventCountry "SRI"]
[SourceTitle "CBM 171 Extra"]
[Source "ChessBase"]
[SourceDate "2016.04.26"]
[SourceVersion "1"]
[SourceVersionDate "2016.04.26"]
[SourceQuality "1"]

1. e4 c5 2. c3 d5 3. exd5 Qxd5 4. d4 Nf6 5. Nf3 Bg4 6. Be2 e6 7. h3 Bh5 8. Na3 Nc6 9. Nb5 Rc8 10. Bf4 cxd4 11. Nbxd4 Nxd4 12. Qxd4 Qxd4 13. Nxd4 Bxe2 14. Kxe2 Nd5 15. Bg3 Bc5 16. Nb3 Ke7 17. Rhd1 Bd6 1/2-1/2

[Event "SRI-chB"]
[Site "Colombo"]
[Date "2016.03.13"]
[Round "3"]
[White "De Silva, Osheen"]
[Black "Thilakarathne, GM Harshana"]
[Result "1/2-1/2"]
[WhiteElo "1842"]
[BlackElo "1991"]
[PlyCount "47"]
[EventDate "2016.03.12"]
[EventType "swiss"]
[EventRounds "10"]
[EventCountry "SRI"]
[SourceTitle "CBM 171 Extra"]
[Source "ChessBase"]
[SourceDate "2016.04.26"]
[SourceVersion "1"]
[SourceVersionDate "2016.04.26"]
[SourceQuality "1"]

1. e4 c5 2. Nf3 e6 3. d4 cxd4 4. Nxd4 a6 5. c4 Nf6 6. Qc2 Qc7 7. Nc3 b6 8. Bg5 Be7 9. Be2 Bb7 10. 0-0 0-0 11. Bh4 d6 12. Rac1 Re8 13. Bg3 Nc6 14. Nb3 Ne5 15. Nd2 Rac8 16. Qb1 Qb8 17. h3 Ng6 18. b4 Qa8 19. Rfe1 d5 20. cxd5 exd5 21. exd5 Nxd5 22. Nxd5 Bxd5 23. Rxc8 Rxc8 24. Bf3 1/2-1/2

[Event "SRI-chB"]
[Site "Malabe"]
[Date "2015.06.21"]
[Round "6"]
[White "De Silva, Osheen"]
[Black "Galappaththi, Chinthaka Anuruddh"]
[Result "1/2-1/2"]
[WhiteElo "1888"]
[BlackElo "2129"]
[PlyCount "30"]
[EventDate "2015.06.19"]
[EventType "swiss"]
[EventRounds "10"]
[EventCountry "SRI"]
[SourceTitle "CBM 167 Extra"]
[Source "ChessBase"]
[SourceDate "2015.09.14"]
[SourceVersion "1"]
[SourceVersionDate "2015.09.14"]
[SourceQuality "1"]

1. e4 e6 2. d4 d5 3. Nc3 Bb4 4. e5 Ne7 5. a3 Bxc3+ 6. bxc3 b6 7. Qg4 Ng6 8. h4 h5 9. Qg3 Ba6 10. Bd3 Bxd3 11. cxd3 Nc6 12. Bg5 Qd7 13. Ne2 Rc8 14. Qf3 Nce7 15. Ng3 c5 1/2-1/2